| 000 | 00636nam a2200229 a 4500 | ||
|---|---|---|---|
| 999 |
_c944 _d944 |
||
| 008 | 191111t2013 ii ||||g |||| 00| 0 eng d | ||
| 020 |
_a9788132110866 _cRs. 325.00 |
||
| 040 |
_aKO _beng |
||
| 041 | 0 | _aeng | |
| 044 | _aii | ||
| 082 | 0 | 4 |
_223 _a658.402 _bW5609 |
| 100 | 1 | _aWheelan, Susan A. | |
| 245 | 1 | 0 |
_aCreating Effective Teams : _bA guide for members and leaders / _cSusan A. Wheelan |
| 250 | _a4th ed. | ||
| 260 |
_aNew Delhi : _bSAGE Publications India Pvt Ltd. , _c2013 |
||
| 300 |
_aix, 144 p. ; _c24 cm |
||
| 504 | _aIncludes Index. | ||
| 650 | 0 | _aTeams in the workplace | |
| 904 | _aA_BOSE | ||
| 942 | _cBK | ||